Food Supply and Economic Development (Record no. 4169)

MARC details
000 -LEADER
fixed length control field 00337nam a22001337a 4500
008 - FIXED-LENGTH DATA ELEMENTS--GENERAL INFORMATION
fixed length control field 250707b |||||||| |||| 00| 0 eng d
020 ## - INTERNATIONAL STANDARD BOOK NUMBER
ISBN NIL
100 ## - MAIN ENTRY--AUTHOR
Author AMIN, A. Galal
245 ## - TITLE STATEMENT
Title Food Supply and Economic Development
260 ## - PUBLICATION, DISTRIBUTION, ETC. (IMPRINT)
Place of publication Cairo
Name of publisher Frank Cass & Co. Ltd.
Date of publication 1966
300 ## - COLLATION
Pagination xiii, 132p.
942 ## - ADDED ENTRY ELEMENTS (KOHA)
Item type Books
050 ## - LIBRARY OF CONGRESS CALL NUMBER
Classification number HD9017
Item number .A55
Holdings
Source of classification or shelving scheme Not for loan Permanent location Current location Date acquired Accession No. Full call number Barcode. Koha item type
Library of Congress Classification   Samuel Ogbemudia Main Library, University of Abuja Samuel Ogbemudia Main Library, University of Abuja 07/07/2025 91-006471 HD9017.A55 2025-2915 Books